000 00990nam a2200289Ia 4500
003 OSt
005 20221007123109.0
006 a|||||r|||| 00| 0
007 ta
008 221006b |||||||| |||| 00| 0 eng d
020 _a9783319228150 (hbk)
024 _a199139
037 _b4782, 12/03/2018, Ashutosh Technical Books
_cTextual
040 _aPAPL
_cPAPL
_beng
041 _2eng
_aeng
082 _aCN1:(G), Q7 Carpa
100 _aDjordjevice Ivan B
_9716409
245 0 _aQuantum biological information theory
260 _aLondon
_bSpringer
_c2016
300 _axi,269p. ill.
_ccm.
650 _a Classical and quantum error-correction coding
_9716410
650 _a Quantum - mechanical modeling of mutations
_9716411
650 _a Quantum information theory fundamentals
_9716412
650 _aPhysics
942 _hCN1:(G), Q7 Carpa
_cTEXL
_2CC
999 _c1211365
_d1211365